02739cam a22003855a 45000010009000000050017000090080041000260100017000670150019000840160018001030200025001210200022001460350024001680400068001920820021002602450116002812600066003973000041004635000024005045040041005285051081005695200116016506500050017666500051018166500028018676510010018956530021019057000044019267000034019707000045020049420012020499990017020619520133020789520142022111531834620160724124235.0080605t2008 enkdb frb 001 0 eng d a 2008273425 aGBA7839922bnb7 a0141006412Uk a9780521703925 (pbk.) a0521703921 (pbk.) a(OCoLC)ocn171110394 aUKMbengcUKMdYDXCPdBAKERdBWKUKdBTCTAdNLGGCdDLCdEG-ScBUE04a303.482bGLO22204aThe global diffusion of markets and democracy /cedited by Beth A. Simmons, Frank Dobbin, and Geoffrey Garrett. aCambridge ;aNew York :bCambridge University Press,cc.2008. axv, 367 p. :bcharts, maps ;c23 cm. aIndex : p. 361-367. aIncludes bibliographical references. aIntroduction : the diffusion of liberalization / Beth A. Simmons, Frank Dobbin, and Geoffrey Garrett -- Tax policy in an era of internationalization : an assessment of a conditional diffusion model of the spread of neoliberalism / Duane Swank -- The decision to privatize : economists and the construction of ideas and policies / Bruce Kogut and J. Muir MacPherson -- The international diffusion of public sector downsizing : network emulation and theory-driven learning / Chang Kil Lee and David Strang -- Global ideology and voter sentiment as determinants of international financial liberalization / Dennis P. Quinn and A. Maria Toyoda -- Competing for capital : the diffusion of bilateral investment treaties, 1960-2000 / Zachary Elkins, Andrew T. Guzman, and Beth A. Simmons -- Diffusion and the spread of democratic institutions / Kristian Skrede Gleditsch and Michael D. Ward -- World society and human rights : an event history analysis of the Convention on the elimination of all forms of discrimination against women / Christine Min Wotipka and Francisco O. Ramirez. aAnalyses the ways markets and democracy have diffused around the world through interdependent decision-making.  7aGlobalizationxEconomic aspects.2BUEsh93901 7aGlobalizationxPolitical aspects.2BUEsh93902 0aDemocratization.2BUEsh 2BUEsh bLLAAWWcJuly20161 aSimmons, Beth A.,d1958-eeditor.939051 aDobbin, Frank,eeditor.939061 aGarrett, Geoffrey,d1958-eeditor.93907 2ddccBB c11343d11343 00102ddc40708BaccahaMAINbMAINc1STd2009-04-21epurchaseg176.80h6994l0o303.482 GLOp000015973r2025-07-15 00:00:00yBB 00102ddc40708BaccahaMAINbMAINc1STd2016-07-24ePurchaseg221.00h26080l0o303.482 GLOp000032900r2025-07-15 00:00:00v276.25yBB